| 000 | 00494nam a2200181Ia 4500 | ||
|---|---|---|---|
| 005 | 20240827091919.0 | ||
| 008 | 131103s9999 xx 000 0 und d | ||
| 040 | _aLoreto College | ||
| 041 | _aEnglish | ||
| 082 |
_a822N _bHAV |
||
| 100 | _aSwann, Darius Leander | ||
| 245 |
_aI have spoken to my children _b A one act play for verse chorus _cDarius Leander Swann |
||
| 260 |
_aNew york _bFriendship _c1957 |
||
| 300 | _a15p. | ||
| 650 | _aEnglish drama | ||
| 850 | _aLCBED | ||
| 942 | _cBK | ||
| 999 |
_c29885 _d80364 |
||